000 00517 a2200145 4500
082 _aBIT-9
100 _aMuhammad Usman
_94544
245 _aSmart assets
_cMuhammad Usman
_hEnglish
260 _aIslamabad
_bNUST School of Electrical Engineering and Computer Science
_c2011
300 _ax , 44 p.
_b: ill
_c; 27 cm. +
_eCD-ROM
500 _aSupervisors : Mr. Muhammad Bilal, Mr. Bilal Ali
700 _aSiraj Maeen
_992754
856 _u http://10.250.8.41:8080/xmlui/handle/123456789/11743
942 _cPR
_kBIT-9 USM
_2ddc
999 _c10617
_d10617